[Event "Stay Safe Play From Home 242"]
[Site "Emanuel Lasker Arena"]
[Date "2020.06.21"]
[Round "3"]
[White "Broken sword"]
[Black "Mepe_Nika"]
[Result "1-0"]
[WhiteElo "2367"]
[BlackElo "2409"]
[Annotator "TA"]
[PlyCount "113"]
[EventDate "2020.06.21"]
[EventType "swiss (blitz)"]

{[%evp 10,113,37,37,106,81,103,87,89,56,53,63,210,214,205,152,173,141,195,120,113,0,147,142,193,167,157,131,145,82,79,22,189,165,186,93,156,174,162,128,343,68,187,71,96,76,56,18,126,133,126,118,120,110,118,117,302,152,152,159,214,193,554,553,1125,116,106,58,155,0,0,0,170,168,188,134,222,221,190,177,328,328,328,328,328,328,328,272,1851,1709,1310,1270,3572,3463,2043,1731,1628,1443,5118,5154,29979,29980,29989,29988,29987,29951]} 1. e4 g6 2. d4 Bg7 3. Nc3 d6 4. Be3 Nd7 5. Qd2 c6 6. a4 a5 {[#] B06: Modern Defence.} (6... Ngf6 $14) 7. Nge2 $146 ({Predecessor:} 7. Nf3 Ngf6 8. Bh6 Bxh6 9. Qxh6 Qb6 10. Rb1 c5 11. Qe3 cxd4 12. Nxd4 Nc5 13. Be2 O-O 14. O-O {½-½ (61) Dzagnidze,N (2509)-Mammadova,G (2386) playchess.com 2020}) 7... b6 8. f3 Ba6 {White is better.} 9. h4 h5 $1 10. Ng3 e5 (10... Bxf1 $14 11. Kxf1 (11. Rxf1 e6 $14) 11... Qb8) 11. Bxa6 $18 Rxa6 12. Nge2 Ngf6 13. Bg5 Qc7 (13... exd4 $16 {was called for.} 14. Qxd4 O-O 15. Qxd6 Qc8) 14. Qd3 (14. d5 $18) 14... Ra8 $16 15. Qd2 ({Better is} 15. d5 $16) 15... Rd8 (15... Ra6 $11 {keeps the balance.}) 16. d5 O-O (16... Nc5 $16 17. dxc6 Qxc6) 17. dxc6 Qxc6 18. Rd1 Nc5 19. b3 ({White should play} 19. Bxf6 Bxf6 20. Nd5) 19... Rd7 20. O-O (20. Bxf6 $16 Bxf6 21. Nd5) 20... Rfd8 $2 (20... Na6 $11) 21. Nd5 $18 Nxd5 22. exd5 ({White should try} 22. Bxd8 $18 Nb4 23. Bg5) 22... Qb7 (22... Qc7 $142) 23. Bxd8 $16 Rxd8 24. Nc3 f5 $2 (24... Qe7 $16) 25. Nb5 $2 (25. Qg5 $18 Qd7 26. Qxg6) 25... Qe7 (25... f4 $14) 26. Qf2 (26. Qg5 $18 {and White stays clearly on top.} Kf7 27. Qxe7+ Kxe7 28. Rfe1) 26... Kh7 27. g3 Rf8 28. Rfe1 Qf6 (28... f4 $1 $11) 29. Nc7 Rc8 {[#]} 30. Ne6 $1 Nxe6 31. dxe6 Qxe6 32. c4 Re8 $2 (32... Rc5 $16 {was necessary.} 33. Qd2 Bf8) 33. Qd2 (33. Qxb6 $18 f4 34. Kg2 (34. Qxd6 Qh3 $16)) 33... Bf8 34. Qd5 Qf6 (34... Qc8 $16 35. Qf7+ Bg7) 35. Kg2 g5 $2 (35... Be7 {is a better chance.} 36. f4 e4) 36. hxg5 $18 Qxg5 37. Qd2 $2 (37. Qf7+ $18 Kh6 38. Qxe8) 37... f4 $16 38. Qf2 Be7 {[#]} (38... d5 $14) 39. Kh2 $2 (39. Rh1 $1 $16) 39... Rg8 $11 {[%cal Rf4g3]} 40. Rg1 fxg3+ $2 {White leaves nothing to chance now.} (40... d5 $1 $11 {and Black stays safe.}) 41. Qxg3 $18 Qxg3+ 42. Rxg3 Rxg3 (42... Rf8 $16 43. Rdg1 Bf6) 43. Kxg3 $11 {[%mdl 4096] Endgame KR-KB} Kg6 44. Rh1 h4+ $2 (44... Bg5 {was worth a try.} 45. Kf2 Bd2) 45. Kg4 $18 Kf7 46. f4 exf4 47. Kxf4 Ke6 48. Ke4 Kd7 $2 (48... Bf6 49. Rh2 Bg5) 49. Kd5 Bg5 50. Rg1 Bf4 51. Rg7+ Ke8 52. Rh7 Bg3 53. Kc6 Kd8 54. Kxb6 d5 55. cxd5 {White mates.} Kc8 56. Kb5 Kd8 57. Kxa5 {Accuracy: White = 46%, Black = 30%.} 1-0

[Event "Stay Safe Play From Home 242"]
[Site "Emanuel Lasker Arena"]
[Date "2020.06.21"]
[Round "3"]
[White "SoulofWolf"]
[Black "Don59as"]
[Result "0-1"]
[WhiteElo "2123"]
[BlackElo "2021"]
[Annotator "NA RC"]
[PlyCount "70"]
[EventDate "2020.06.21"]
[EventType "swiss (blitz)"]

1. e4 {[%emt 0:00:00]} e5 {[%emt 0:00:01]} 2. Nc3 {[%emt 0:00:00]} Nc6 {[%emt 0:00:01]} 3. f4 {[%emt 0:00:00]} d6 {[%emt 0:00:01]} 4. Nf3 {[%emt 0:00:00]} g6 {[%emt 0:00:01]} 5. h3 {[%emt 0:00:01]} Bg7 {[%emt 0:00:01]} 6. d3 {[%emt 0:00:00]} exf4 {[%emt 0:00:01]} 7. Bxf4 {[%emt 0:00:01]} Nge7 {[%emt 0:00:00]} 8. Be2 {[%emt 0:00:00]} h6 {[%emt 0:00:01]} 9. O-O {[%emt 0:00:00]} g5 {[%emt 0:00:01]} 10. Bh2 {[%emt 0:00:01]} O-O {[%emt 0:00:01]} 11. Nd5 {[%emt 0:00:01]} Nxd5 {[%emt 0:00:01]} 12. exd5 {[%emt 0:00:00]} f5 {[%emt 0:00:01]} 13. dxc6 {[%emt 0:00:01]} bxc6 {[%emt 0:00:01]} 14. c3 {[%emt 0:00:00]} f4 {[%emt 0:00:01]} 15. Nd4 {[%emt 0:00:03]} Bd7 {[%emt 0:00:02]} 16. Bf3 {[%emt 0:00:02]} d5 {[%emt 0:00:01]} 17. Bg4 {[%emt 0:00:04]} Bxd4+ {[%emt 0:00:06]} 18. cxd4 {[%emt 0:00:00]} Be8 {[%emt 0:00:01]} 19. Re1 {[%emt 0:00:02]} Qf6 {[%emt 0:00:01]} 20. Kh1 {[%emt 0:00:07]} Bf7 {[%emt 0:00:02]} 21. Bg1 {[%emt 0:00:01]} Rae8 {[%emt 0:00:02]} 22. Qc2 {[%emt 0:00:01]} h5 {[%emt 0:00:01]} 23. Bf3 {[%emt 0:00:03]} g4 {[%emt 0:00:02]} 24. hxg4 {[%emt 0:00:01]} Qh4+ {[%emt 0:00:01]} 25. Bh2 {[%emt 0:00:04]} Rxe1+ {[%emt 0:00:01]} 26. Rxe1 {[%emt 0:00:03]} Qxe1+ {[%emt 0:00:01]} 27. Bg1 {[%emt 0:00:00]} Qh4+ {[%emt 0:00:01]} 28. Bh2 {[%emt 0:00:00]} hxg4 {[%emt 0:00:00]} 29. Kg1 {[%emt 0:00:07]} g3 {[%emt 0:00:04]} 30. Bxg3 {[%emt 0:00:02]} Qxg3 {[%emt 0:00:02]} 31. Kf1 {[%emt 0:00:00]} Re8 {[%emt 0:00:01]} 32. Qd2 {[%emt 0:00:01]} Re3 {[%emt 0:00:01]} 33. b3 {[%emt 0:00:01]} Bg6 {[%emt 0:00:01]} 34. Qc2 {[%emt 0:00:02]} Bxd3+ {[%emt 0:00:01]} 35. Qxd3 {[%emt 0:00:01]} Re1# {[%emt 0:00:01] (Lag: Av=0.53s, max=0.7s)} 0-1

[Event "Stay Safe Play From Home 242"]
[Site "Emanuel Lasker Arena"]
[Date "2020.06.21"]
[Round "3"]
[White "Chase the sun"]
[Black "Mandy"]
[Result "1-0"]
[WhiteElo "1869"]
[BlackElo "1001"]
[Annotator "NA RC"]
[PlyCount "39"]
[EventDate "2020.06.21"]
[EventType "swiss (blitz)"]

1. e4 {[%emt 0:00:05]} c6 {[%emt 0:00:02]} 2. d4 {[%emt 0:00:01]} d5 {[%emt 0:00:01]} 3. exd5 {[%emt 0:00:00]} cxd5 {[%emt 0:00:01]} 4. Bd3 {[%emt 0:00:00]} Be6 {[%emt 0:00:04]} 5. c3 {[%emt 0:00:00]} Nf6 {[%emt 0:00:01]} 6. Bf4 {[%emt 0:00:00]} g6 {[%emt 0:00:02]} 7. Nf3 {[%emt 0:00:00]} Nbd7 {[%emt 0:00:02]} 8. O-O {[%emt 0:00:00]} Bg7 {[%emt 0:00:01]} 9. Nbd2 {[%emt 0:00:00]} O-O {[%emt 0:00:01]} 10. Ne5 {[%emt 0:00:00]} Qe8 {[%emt 0:00:12]} 11. Ndf3 {[%emt 0:00:07]} Ne4 {[%emt 0:00:03]} 12. Qe2 {[%emt 0:00:02]} Bxe5 {[%emt 0:00:08]} 13. Nxe5 {[%emt 0:00:02]} f6 {[%emt 0:00:05]} 14. Nxd7 {[%emt 0:00:03]} Bxd7 {[%emt 0:00:05]} 15. Bxe4 {[%emt 0:00:00]} e5 {[%emt 0:00:04]} 16. Bxd5+ {[%emt 0:00:02]} Be6 {[%emt 0:00:01]} 17. dxe5 {[%emt 0:00:00]} Bxd5 {[%emt 0:00:02]} 18. Rad1 {[%emt 0:00:01]} Rd8 {[%emt 0:00:03]} 19. Rfe1 {[%emt 0:00:03]} Bxa2 {[%emt 0:00:02]} 20. exf6 {[%emt 0:00:02] Zeit (Lag: Av=0.49s, max=0.6s)} 1-0

[Event "Stay Safe Play From Home 242"]
[Site "Emanuel Lasker Arena"]
[Date "2020.06.21"]
[Round "3"]
[White "Mehrdadahouran"]
[Black "Tvtower68"]
[Result "1-0"]
[WhiteElo "1804"]
[BlackElo "1774"]
[Annotator "NA RC"]
[PlyCount "31"]
[EventDate "2020.06.21"]
[EventType "swiss (blitz)"]

1. d4 {[%emt 0:00:01]} d5 {[%emt 0:00:01]} 2. Bf4 {[%emt 0:00:01]} c5 {[%emt 0:00:00]} 3. c3 {[%emt 0:00:01]} Nc6 {[%emt 0:00:01]} 4. e3 {[%emt 0:00:00]} cxd4 {[%emt 0:00:01]} 5. exd4 {[%emt 0:00:00]} Nf6 {[%emt 0:00:01]} 6. Nd2 {[%emt 0:00:01]} Ng4 {[%emt 0:00:01]} 7. Bd3 {[%emt 0:00:02]} e5 {[%emt 0:00:01]} 8. dxe5 {[%emt 0:00:01]} Ngxe5 {[%emt 0:00:01]} 9. Bc2 {[%emt 0:00:01]} Bg4 {[%emt 0:00:03]} 10. Ngf3 {[%emt 0:00:01]} Bxf3 {[%emt 0:00:01]} 11. Nxf3 {[%emt 0:00:00]} Nxf3+ {[%emt 0:00:01]} 12. Qxf3 {[%emt 0:00:00]} Qb6 {[%emt 0:00:07]} 13. O-O-O {[%emt 0:00:01]} O-O-O {[%emt 0:00:01]} 14. Rxd5 {[%emt 0:00:01]} Rxd5 {[%emt 0:00:01]} 15. Qxd5 {[%emt 0:00:00]} Be7 {[%emt 0:00:04]} 16. Bf5# {[%emt 0:00:01] (Lag: Av=0.63s, max=1.0s)} 1-0

[Event "Stay Safe Play From Home 242"]
[Site "Emanuel Lasker Arena"]
[Date "2020.06.21"]
[Round "3"]
[White "GIULIO19031975"]
[Black "Bardellosport"]
[Result "0-1"]
[WhiteElo "1786"]
[BlackElo "1995"]
[Annotator "NA RC"]
[PlyCount "88"]
[EventDate "2020.06.21"]
[EventType "swiss (blitz)"]

1. e4 {[%emt 0:00:01]} e6 {[%emt 0:00:01]} 2. Nf3 {[%emt 0:00:00]} b6 {[%emt 0:00:00]} 3. Nc3 {[%emt 0:00:02]} Bb7 {[%emt 0:00:00]} 4. d4 {[%emt 0:00:00]} Nf6 {[%emt 0:00:00]} 5. e5 {[%emt 0:00:02]} Nd5 {[%emt 0:00:01]} 6. Nxd5 {[%emt 0:00:00]} Bxd5 {[%emt 0:00:01]} 7. c4 {[%emt 0:00:00]} Bb7 {[%emt 0:00:01]} 8. Be3 {[%emt 0:00:01]} c5 {[%emt 0:00:01]} 9. dxc5 {[%emt 0:00:02]} bxc5 {[%emt 0:00:00]} 10. Qc2 {[%emt 0:00:01]} Nc6 {[%emt 0:00:01]} 11. O-O-O {[%emt 0:00:01]} Be7 {[%emt 0:00:01]} 12. Rd6 {[%emt 0:00:02]} Bxd6 {[%emt 0:00:01]} 13. exd6 {[%emt 0:00:01]} O-O {[%emt 0:00:00]} 14. Bd3 {[%emt 0:00:01]} g6 {[%emt 0:00:02]} 15. h4 {[%emt 0:00:01]} h5 {[%emt 0:00:01]} 16. a3 {[%emt 0:00:01]} e5 {[%emt 0:00:01]} 17. Bg5 {[%emt 0:00:01]} f6 {[%emt 0:00:02]} 18. Bxg6 {[%emt 0:00:02]} fxg5 {[%emt 0:00:01]} 19. Bh7+ {[%emt 0:00:01]} Kh8 {[%emt 0:00:01]} 20. Nxg5 {[%emt 0:00:01]} Qf6 {[%emt 0:00:02]} 21. Be4 {[%emt 0:00:03]} Qf4+ {[%emt 0:00:01]} 22. Kb1 {[%emt 0:00:02]} Nd4 {[%emt 0:00:03]} 23. Qd3 {[%emt 0:00:02]} Bxe4 {[%emt 0:00:01]} 24. Nxe4 {[%emt 0:00:06]} Qf5 {[%emt 0:00:02]} 25. f3 {[%emt 0:00:02]} Rab8 {[%emt 0:00:01]} 26. Ka2 {[%emt 0:00:02]} Rb3 {[%emt 0:00:01]} 27. Qxb3 {[%emt 0:00:01]} Nxb3 {[%emt 0:00:01]} 28. Kxb3 {[%emt 0:00:00]} Rb8+ {[%emt 0:00:00]} 29. Ka2 {[%emt 0:00:01]} Qf4 {[%emt 0:00:01]} 30. Rd1 {[%emt 0:00:01]} Qe3 {[%emt 0:00:01]} 31. Rd2 {[%emt 0:00:02]} Rg8 {[%emt 0:00:02]} 32. g4 {[%emt 0:00:02]} Qxf3 {[%emt 0:00:02]} 33. Ng5 {[%emt 0:00:01]} Rxg5 {[%emt 0:00:01]} 34. hxg5 {[%emt 0:00:01]} Qxg4 {[%emt 0:00:00]} 35. g6 {[%emt 0:00:01]} Qxg6 {[%emt 0:00:01]} 36. Kb3 {[%emt 0:00:01]} Qe6 {[%emt 0:00:01]} 37. Kc3 {[%emt 0:00:02]} Kg7 {[%emt 0:00:01]} 38. b4 {[%emt 0:00:01]} cxb4+ {[%emt 0:00:01]} 39. axb4 {[%emt 0:00:00]} e4 {[%emt 0:00:00]} 40. Kd4 {[%emt 0:00:02]} e3 {[%emt 0:00:01]} 41. Re2 {[%emt 0:00:01]} Qxd6+ {[%emt 0:00:00]} 42. Kxe3 {[%emt 0:00:01]} Qxb4 {[%emt 0:00:02]} 43. Kf2 {[%emt 0:00:00]} Qxc4 {[%emt 0:00:01]} 44. Re4 {[%emt 0:00:00]} Qxe4 {[%emt 0:00:01] GIULIO19031975 abbandona (Lag: Av=0.32s, max=0.9s)} 0-1

[Event "Stay Safe Play From Home 242"]
[Site "Emanuel Lasker Arena"]
[Date "2020.06.21"]
[Round "4"]
[White "SoulofWolf"]
[Black "GIULIO19031975"]
[Result "1-0"]
[WhiteElo "2102"]
[BlackElo "1778"]
[Annotator "NA RC"]
[PlyCount "93"]
[EventDate "2020.06.21"]
[EventType "swiss (blitz)"]

1. d4 {[%emt 0:00:00]} d5 {[%emt 0:00:01]} 2. Nf3 {[%emt 0:00:00]} Nf6 {[%emt 0:00:01]} 3. c4 {[%emt 0:00:00]} e6 {[%emt 0:00:00]} 4. Nc3 {[%emt 0:00:00]} c6 {[%emt 0:00:01]} 5. Qc2 {[%emt 0:00:01]} Bd6 {[%emt 0:00:01]} 6. e4 {[%emt 0:00:01]} dxe4 {[%emt 0:00:01]} 7. Nxe4 {[%emt 0:00:00]} Nxe4 {[%emt 0:00:01]} 8. Qxe4 {[%emt 0:00:00]} Nd7 {[%emt 0:00:01]} 9. Bd3 {[%emt 0:00:00]} Nf6 {[%emt 0:00:01]} 10. Qe2 {[%emt 0:00:01]} Bb8 {[%emt 0:00:01]} 11. Bg5 {[%emt 0:00:02]} h6 {[%emt 0:00:02]} 12. Bh4 {[%emt 0:00:01]} O-O {[%emt 0:00:02]} 13. O-O {[%emt 0:00:03]} Bd6 {[%emt 0:00:00]} 14. Rad1 {[%emt 0:00:02]} Be7 {[%emt 0:00:01]} 15. Rfe1 {[%emt 0:00:03]} Qc7 {[%emt 0:00:01]} 16. Bb1 {[%emt 0:00:02]} Re8 {[%emt 0:00:01]} 17. c5 {[%emt 0:00:01]} Nd5 {[%emt 0:00:03]} 18. Qc2 {[%emt 0:00:05]} Bxh4 {[%emt 0:00:03]} 19. Qh7+ {[%emt 0:00:01]} Kf8 {[%emt 0:00:01]} 20. Nxh4 {[%emt 0:00:02]} Nf6 {[%emt 0:00:01]} 21. Qh8+ {[%emt 0:00:03]} Ke7 {[%emt 0:00:01]} 22. Qxg7 {[%emt 0:00:01]} Rg8 {[%emt 0:00:02]} 23. Qxh6 {[%emt 0:00:00]} Ng4 {[%emt 0:00:04]} 24. Nf5+ {[%emt 0:00:05]} Ke8 {[%emt 0:00:04]} 25. Nd6+ {[%emt 0:00:05]} Kd7 {[%emt 0:00:02]} 26. Qf4 {[%emt 0:00:04]} b6 {[%emt 0:00:02]} 27. Qxf7+ {[%emt 0:00:01]} Kd8 {[%emt 0:00:01]} 28. Qxg8+ {[%emt 0:00:02]} Ke7 {[%emt 0:00:01]} 29. Qg7+ {[%emt 0:00:01]} Kd8 {[%emt 0:00:01]} 30. Qxg4 {[%emt 0:00:02]} Bd7 {[%emt 0:00:02]} 31. Qg8+ {[%emt 0:00:02]} Ke7 {[%emt 0:00:01]} 32. Qg7+ {[%emt 0:00:01]} Kd8 {[%emt 0:00:01]} 33. Bg6 {[%emt 0:00:01]} Be8 {[%emt 0:00:03]} 34. Qf8 {[%emt 0:00:01]} Qe7 {[%emt 0:00:02]} 35. Qxe8+ {[%emt 0:00:01]} Qxe8 {[%emt 0:00:02]} 36. Bxe8 {[%emt 0:00:00]} Ke7 {[%emt 0:00:00]} 37. Re2 {[%emt 0:00:01]} Rxe8 {[%emt 0:00:01]} 38. Nxe8 {[%emt 0:00:01]} Kxe8 {[%emt 0:00:00]} 39. Rde1 {[%emt 0:00:00]} Kd7 {[%emt 0:00:01]} 40. Rxe6 {[%emt 0:00:00]} bxc5 {[%emt 0:00:00]} 41. Re7+ {[%emt 0:00:00]} Kc8 {[%emt 0:00:01]} 42. dxc5 {[%emt 0:00:00]} a6 {[%emt 0:00:01]} 43. h4 {[%emt 0:00:00]} Kd8 {[%emt 0:00:01]} 44. h5 {[%emt 0:00:00]} a5 {[%emt 0:00:00]} 45. h6 {[%emt 0:00:00]} a4 {[%emt 0:00:01]} 46. h7 {[%emt 0:00:00]} a3 {[%emt 0:00:00]} 47. h8=Q# {[%emt 0:00:00] (Lag: Av=0.51s, max=1.0s)} 1-0

[Event "Stay Safe Play From Home 242"]
[Site "Emanuel Lasker Arena"]
[Date "2020.06.21"]
[Round "4"]
[White "Don59as"]
[Black "Chase the sun"]
[Result "1-0"]
[WhiteElo "2043"]
[BlackElo "1869"]
[Annotator "NA RC"]
[PlyCount "37"]
[EventDate "2020.06.21"]
[EventType "swiss (blitz)"]

1. c4 {[%emt 0:00:02]} e6 {[%emt 0:00:01]} 2. e4 {[%emt 0:00:01]} f5 {[%emt 0:00:00]} 3. exf5 {[%emt 0:00:01]} Nf6 {[%emt 0:00:00]} 4. fxe6 {[%emt 0:00:01]} Be7 {[%emt 0:00:00]} 5. exd7+ {[%emt 0:00:01]} Bxd7 {[%emt 0:00:00]} 6. Nf3 {[%emt 0:00:01]} O-O {[%emt 0:00:00]} 7. d4 {[%emt 0:00:00]} Nc6 {[%emt 0:00:00]} 8. Be2 {[%emt 0:00:01]} Bf5 {[%emt 0:00:02]} 9. d5 {[%emt 0:00:01]} Nb8 {[%emt 0:00:04]} 10. O-O {[%emt 0:00:01]} Qe8 {[%emt 0:00:00]} 11. Nc3 {[%emt 0:00:01]} Ng4 {[%emt 0:00:02]} 12. h3 {[%emt 0:00:01]} Nh6 {[%emt 0:00:01]} 13. Nd4 {[%emt 0:00:01]} Qg6 {[%emt 0:00:02]} 14. Kh2 {[%emt 0:00:07]} Bd6+ {[%emt 0:00:02]} 15. f4 {[%emt 0:00:01]} Ng4+ {[%emt 0:00:06]} 16. hxg4 {[%emt 0:00:02]} Qh6+ {[%emt 0:00:01]} 17. Kg1 {[%emt 0:00:01]} Bc5 {[%emt 0:00:03]} 18. gxf5 {[%emt 0:00:02]} Rxf5 {[%emt 0:00:01]} 19. Be3 {[%emt 0:00:01] Chase the sun gibt auf (Lag: Av=0.53s, max=0.8s)} 1-0

[Event "Stay Safe Play From Home 242"]
[Site "Emanuel Lasker Arena"]
[Date "2020.06.21"]
[Round "4"]
[White "Bardellosport"]
[Black "Mepe_Nika"]
[Result "1-0"]
[WhiteElo "2003"]
[BlackElo "2390"]
[Annotator "TA"]
[PlyCount "63"]
[EventDate "2020.06.21"]
[EventType "swiss (blitz)"]

{[%evp 9,63,0,-3,-5,67,66,41,9,23,-43,-21,-36,-34,-38,-43,-31,-27,-27,-13,-10,-2,-27,-25,-86,-90,-113,-80,-75,-56,-107,-43,-56,-21,-71,-5,-73,-76,-134,-135,-165,0,-19,-39,-32,0,-208,-76,-76,-100,-88,249,-459,29990,29991,29991,29992]} 1. d4 d5 2. e3 Nf6 3. Nf3 Bf5 4. b3 e6 5. Bb2 c5 6. Bd3 {D04: Colle System.} Nc6 {[#]} ({Black should play} 6... Bxd3 $11 7. cxd3 Nbd7) 7. Bxf5 $146 ({Predecessor:} 7. O-O Rc8 8. a3 Be7 9. Bxf5 exf5 10. dxc5 Bxc5 11. Qd3 Qd7 12. Bxf6 gxf6 13. Nc3 d4 14. exd4 Nxd4 15. Rad1 Nxf3+ 16. Qxf3 Qc6 17. Nd5 Bxa3 18. Qxf5 Bb2 19. Rfe1+ Kf8 20. Ne7 {1-0 (20) Khomeriki,N (2030)-Rouffignac,M (1715) Prague 2012}) 7... exf5 8. Ne5 {White is slightly better.} cxd4 9. exd4 (9. Nxc6 $11 bxc6 10. Qxd4) 9... Bb4+ 10. c3 {[#] And now Nxc6 would win.} Bd6 11. f4 O-O 12. O-O Ne4 13. Nd2 Rc8 14. Nxe4 fxe4 15. Qd2 f6 16. Nxc6 (16. Ng4 $1 $11 {remains equal.}) 16... Rxc6 $17 17. Rac1 f5 18. c4 Be7 19. c5 (19. Rc2 $15) 19... h6 ({Better is} 19... g5 $17 20. Rc3 gxf4 21. Qxf4 Bg5) 20. b4 a6 21. a4 Kh7 (21... g5 $17) 22. Ba3 (22. Rb1 $11 {keeps the balance.}) 22... g5 23. g3 (23. Rb1 $142) 23... Rg6 24. Kh1 Rfg8 $2 (24... gxf4 $19 25. Qxf4 Bg5 {[%mdl 64] Skewer}) 25. b5 axb5 26. axb5 gxf4 27. gxf4 $2 (27. Qxf4 $11 Rf8 28. Qe5) 27... Rg2 (27... Qe8 $19 {has better winning chances. Hoping for ...Bf6.} 28. Ra1 Rg4) 28. Qxg2 Rxg2 29. Kxg2 Qa5 $2 {[%mdl 8192] [#]} (29... e3 $17 {keeps the pressure on. Strongly threatening ...e2.} 30. Rf3 Qa5 31. Rxe3 Qd2+ {[%mdl 64] Double Attack} 32. Kf3 Bf6) 30. Bb2 $4 {[%mdl 8192]} (30. c6 $1 $18 {[%cal Rc6c7] was the only winning move.} Bd8 31. Bd6 (31. cxb7 Bc7 $11) 31... Qxb5 32. c7 Bxc7 33. Rxc7+ Kg6 34. h3) 30... Qa6 $4 {[%mdl 8192]} (30... Qxb5 $19 31. Rc2 e3) 31. bxa6 bxa6 32. c6 {What a bad dream for Black. Accuracy: White = 47%, Black = 36%.} 1-0

[Event "Stay Safe Play From Home 242"]
[Site "Emanuel Lasker Arena"]
[Date "2020.06.21"]
[Round "4"]
[White "Mehrdadahouran"]
[Black "Broken sword"]
[Result "0-1"]
[WhiteElo "1820"]
[BlackElo "2387"]
[Annotator "TA"]
[PlyCount "80"]
[EventDate "2020.06.21"]
[EventType "swiss (blitz)"]

{[%evp 22,80,-15,-12,-8,-21,-25,-39,-37,-33,-15,-23,-15,-35,-15,-16,-19,-25,63,49,113,39,127,67,68,68,68,19,19,24,62,-41,-41,-41,-41,-41,-31,-57,-40,-56,-41,-41,-27,-26,-26,-349,-252,-550,-549,-517,-227,-467,0,-668,-647,-947,-935,-1080,-838,-1075,-985]} 1. d4 d5 2. c4 c6 3. cxd5 cxd5 4. Nc3 Nf6 5. Bf4 Nc6 6. e3 Bf5 7. Bd3 Bxd3 8. Qxd3 e6 9. Nf3 Bd6 10. Bg3 O-O 11. O-O Bxg3 12. hxg3 Rc8 {D14: Slav Defence: Exchange variation with ...Bf5.} 13. a3 {[#]} Na5 $146 ({Predecessor:} 13... Qd6 14. Rac1 a6 15. Rc2 Rc7 16. Rfc1 {½-½ (32) Alvarado Diaz,A (2399)-Hernandez Leon,A (2280) Brena Baja 2019}) 14. b4 Nc4 {Black is slightly better.} 15. Rfc1 a6 16. Na4 b6 17. Nd2 Nxd2 18. Qxd2 Ne4 19. Qd3 b5 (19... Nd6 $11) 20. Nc5 $14 Nxc5 ({Black should try} 20... Nd6 $14) 21. Rxc5 (21. bxc5 $16 Qa5 22. Rcb1) 21... Rxc5 (21... Ra8 $14) 22. bxc5 {[%mdl 4096] Endgame KQR-KQR} (22. dxc5 $16 Qf6 23. Ra2) 22... Qa5 23. Qb3 Rb8 24. Qb4 Qc7 25. Rb1 g6 26. a4 (26. g4 $14) 26... a5 $15 27. Qb3 b4 28. Rc1 Qc6 29. Ra1 Re8 30. f3 e5 31. Qd3 exd4 32. exd4 Rb8 33. Rb1 $2 {[%mdl 8192] [#]} (33. Qd2 $11 {and White has nothing to worry.}) 33... Qxa4 $19 34. Qe3 $2 (34. f4 {only move.}) 34... Qc6 35. Qe5 Ra8 (35... Re8 $142 36. Qd6 Qb5) 36. Qe3 $2 (36. Kh2 {was necessary.}) 36... Rb8 $2 {[#]} ({Better is} 36... Qb5 $19 {Threatens to win with ...a4.} 37. Qe5 Qc4) 37. Qd2 $2 {[%mdl 8192]} (37. Qe5 $11 Rb5 38. Re1) 37... Qb5 {Black is clearly winning.} 38. Qc2 a4 39. c6 b3 40. c7 Rc8 {Accuracy: White = 38%, Black = 68%.} (40... bxc2 $2 {perishes.} 41. cxb8=Q+ Qxb8 42. Rxb8+ $18) 0-1

[Event "Stay Safe Play From Home 242"]
[Site "Emanuel Lasker Arena"]
[Date "2020.06.21"]
[Round "4"]
[White "Mandy"]
[Black "Konmos"]
[Result "0-1"]
[WhiteElo "1001"]
[BlackElo "1740"]
[Annotator "NA RC"]
[PlyCount "28"]
[EventDate "2020.06.21"]
[EventType "swiss (blitz)"]

1. d4 {[%emt 0:00:04]} e5 {[%emt 0:00:01]} 2. dxe5 {[%emt 0:00:04]} Nc6 {[%emt 0:00:00]} 3. Nc3 {[%emt 0:00:06]} Qe7 {[%emt 0:00:03]} 4. e4 {[%emt 0:00:04]} Nxe5 {[%emt 0:00:01]} 5. f4 {[%emt 0:00:06]} Ng6 {[%emt 0:00:02]} 6. Nge2 {[%emt 0:00:03]} c6 {[%emt 0:00:00]} 7. g3 {[%emt 0:00:01]} b6 {[%emt 0:00:00]} 8. Be3 {[%emt 0:00:04]} Bb7 {[%emt 0:00:01]} 9. Qd2 {[%emt 0:00:04]} O-O-O {[%emt 0:00:03]} 10. O-O-O {[%emt 0:00:03]} Nf6 {[%emt 0:00:01]} 11. f5 {[%emt 0:00:05]} Ne5 {[%emt 0:00:04]} 12. Nf4 {[%emt 0:00:05]} Neg4 {[%emt 0:00:04]} 13. Bg1 {[%emt 0:00:05]} Nxe4 {[%emt 0:00:02]} 14. Nxe4 {[%emt 0:00:04]} Qxe4 {[%emt 0:00:00] Zeit (Lag: Av=0.87s, max=1.2s)} 0-1